[Event "April 9 Early 2024"]
[Site "Chess.com"]
[Date "2024.04.09"]
[Round "1"]
[White "Schut, Han"]
[Black "Rendle, Thomas E"]
[Result "0-1"]
[Board "245"]
[WhiteFideId "1005561"]
[BlackFideId "408760"]
[WhiteTitle "CM"]
[BlackTitle "IM"]
[WhiteElo "2253"]
[BlackElo "2604"]
[WhiteTeam "NED"]
[BlackTeam "ENG"]
[WhiteClock "0:00:07"]
[BlackClock "0:00:38"]
[Variant "Standard"]

1. e4 {[%clk 0:03:00]}  e6 {[%clk 0:02:58]} 2. d4 {[%clk 0:03:00]}  d5 {[%clk 0:02:59]} 3. e5 {[%clk 0:03:00]}  c5 {[%clk 0:02:58]} 4. c3 {[%clk 0:03:01]}  Nc6 {[%clk 0:02:58]} 5. Nf3 {[%clk 0:03:01]}  Qb6 {[%clk 0:02:58]} 6. Bd3 {[%clk 0:03:02]}  cxd4 {[%clk 0:02:57]} 7. O-O {[%clk 0:03:02]}  Bd7 {[%clk 0:02:54]} 8. Re1 {[%clk 0:03:03]}  Nge7 {[%clk 0:02:48]} 9. h4 {[%clk 0:03:03]}  a6 {[%clk 0:02:48]} 10. h5 {[%clk 0:03:04]}  g6 {[%clk 0:02:48]} 11. a3 {[%clk 0:02:54]}  gxh5 {[%clk 0:02:43]} 12. b4 {[%clk 0:02:51]}  Ng6 {[%clk 0:02:30]} 13. cxd4 {[%clk 0:02:26]}  Nxd4 {[%clk 0:02:29]} 14. Be3 {[%clk 0:02:04]}  Nxf3+ {[%clk 0:02:26]} 15. Qxf3 {[%clk 0:02:04]}  Qc7 {[%clk 0:01:48]} 16. Bd4 {[%clk 0:01:12]}  Rg8 {[%clk 0:01:48]} 17. Bxg6 {[%clk 0:00:51]}  Rxg6 {[%clk 0:01:33]} 18. Nc3 {[%clk 0:00:48]}  Qc4 {[%clk 0:01:23]} 19. Red1 {[%clk 0:00:38]}  Rg4 {[%clk 0:01:21]} 20. Ne2 {[%clk 0:00:32]}  Bb5 {[%clk 0:01:18]} 21. Rd2 {[%clk 0:00:29]}  Bh6 {[%clk 0:01:13]} 22. Be3 {[%clk 0:00:22]}  Bxe3 {[%clk 0:01:09]} 23. fxe3 {[%clk 0:00:23]}  Qe4 {[%clk 0:00:56]} 24. Qf2 {[%clk 0:00:16]}  Qxe5 {[%clk 0:00:50]} 25. Rf1 {[%clk 0:00:14]}  f5 {[%clk 0:00:49]} 26. Re1 {[%clk 0:00:14]}  O-O-O {[%clk 0:00:47]} 27. Nd4 {[%clk 0:00:14]}  Bc4 {[%clk 0:00:45]} 28. Rc2 {[%clk 0:00:13]}  Rdg8 {[%clk 0:00:42]} 29. Nf3 {[%clk 0:00:12]}  Qe4 {[%clk 0:00:42]} 30. Rec1 {[%clk 0:00:07]}  Kb8 {[%clk 0:00:40]} 31. Qe1 {[%clk 0:00:07]}  Qxf3 {[%clk 0:00:39]} 32. Rxc4 {[%clk 0:00:07]}  Qxg2# {[%clk 0:00:38]} 0-1

[Event "April 9 Early 2024"]
[Site "Chess.com"]
[Date "2024.04.09"]
[Round "1"]
[White "Shuvalov, Evgenij"]
[Black "Sasvatha A"]
[Result "0-1"]
[Board "248"]
[WhiteFideId "4187237"]
[BlackFideId "45010862"]
[BlackTitle "WCM"]
[WhiteElo "2602"]
[BlackElo "2247"]
[WhiteTeam "FID"]
[BlackTeam "IND"]
[WhiteClock "0:01:15"]
[BlackClock "0:00:23"]
[Variant "Standard"]

1. d4 {[%clk 0:02:55]}  Nf6 {[%clk 0:02:58]} 2. c4 {[%clk 0:02:54]}  e6 {[%clk 0:02:58]} 3. Nf3 {[%clk 0:02:53]}  d5 {[%clk 0:02:58]} 4. Nc3 {[%clk 0:02:53]}  c6 {[%clk 0:02:58]} 5. e3 {[%clk 0:02:51]}  Bd6 {[%clk 0:02:57]} 6. Be2 {[%clk 0:02:40]}  Nbd7 {[%clk 0:02:56]} 7. O-O {[%clk 0:02:40]}  O-O {[%clk 0:02:57]} 8. b3 {[%clk 0:02:40]}  Bb4 {[%clk 0:02:53]} 9. Bb2 {[%clk 0:02:40]}  Bxc3 {[%clk 0:02:53]} 10. Bxc3 {[%clk 0:02:39]}  Ne4 {[%clk 0:02:54]} 11. Bb2 {[%clk 0:02:39]}  f5 {[%clk 0:02:54]} 12. Ne1 {[%clk 0:02:32]}  f4 {[%clk 0:02:51]} 13. exf4 {[%clk 0:02:27]}  Rxf4 {[%clk 0:02:52]} 14. Nd3 {[%clk 0:02:27]}  Rf6 {[%clk 0:02:46]} 15. Qc1 {[%clk 0:02:19]}  Rh6 {[%clk 0:02:43]} 16. Qe3 {[%clk 0:02:16]}  Qh4 {[%clk 0:02:37]} 17. h3 {[%clk 0:02:14]}  Nf8 {[%clk 0:02:16]} 18. Ne5 {[%clk 0:02:09]}  Ng6 {[%clk 0:02:05]} 19. Nf3 {[%clk 0:01:49]}  Qf6 {[%clk 0:01:12]} 20. Bd3 {[%clk 0:01:45]}  Nd6 {[%clk 0:01:01]} 21. Rae1 {[%clk 0:01:39]}  Nf4 {[%clk 0:00:56]} 22. Ne5 {[%clk 0:01:28]}  Nf7 {[%clk 0:00:45]} 23. Ng4 {[%clk 0:01:26]}  Qg5 {[%clk 0:00:26]} 24. Nxh6+ {[%clk 0:01:25]}  Nxh6 {[%clk 0:00:25]} 25. Bc1 {[%clk 0:01:15]}  Qxg2# {[%clk 0:00:23]} 0-1

[Event "April 9 Early 2024"]
[Site "Chess.com"]
[Date "2024.04.09"]
[Round "1"]
[White "Laddha, Shubh Jayesh"]
[Black "Mamedjarova, Turkan"]
[Result "1-0"]
[Board "250"]
[WhiteFideId "30942799"]
[BlackFideId "13402005"]
[WhiteTitle "FM"]
[BlackTitle "WGM"]
[WhiteElo "2599"]
[BlackElo "2241"]
[WhiteTeam "USA"]
[BlackTeam "AZE"]
[WhiteClock "0:00:45"]
[BlackClock "0:00:45"]
[Variant "Standard"]

1. Nf3 {[%clk 0:03:00]}  Nf6 {[%clk 0:02:59]} 2. b3 {[%clk 0:03:01]}  g6 {[%clk 0:02:59]} 3. Bb2 {[%clk 0:03:01]}  Bg7 {[%clk 0:02:59]} 4. g3 {[%clk 0:03:02]}  O-O {[%clk 0:03:00]} 5. Bg2 {[%clk 0:03:02]}  d6 {[%clk 0:03:00]} 6. d4 {[%clk 0:02:59]}  Nbd7 {[%clk 0:02:57]} 7. O-O {[%clk 0:02:58]}  Re8 {[%clk 0:02:58]} 8. c4 {[%clk 0:02:57]}  Rb8 {[%clk 0:02:56]} 9. Nbd2 {[%clk 0:02:53]}  b6 {[%clk 0:02:55]} 10. Qc2 {[%clk 0:02:44]}  Bb7 {[%clk 0:02:54]} 11. Rad1 {[%clk 0:02:43]}  c5 {[%clk 0:02:50]} 12. e3 {[%clk 0:02:41]}  Qc7 {[%clk 0:02:49]} 13. Rfe1 {[%clk 0:02:39]}  h5 {[%clk 0:02:45]} 14. Qb1 {[%clk 0:02:34]}  e5 {[%clk 0:02:44]} 15. dxe5 {[%clk 0:02:30]}  Nxe5 {[%clk 0:02:29]} 16. Qa1 {[%clk 0:02:27]}  Nd3 {[%clk 0:02:26]} 17. Bxf6 {[%clk 0:02:26]}  Nxe1 {[%clk 0:02:25]} 18. Rxe1 {[%clk 0:02:12]}  Bxf6 {[%clk 0:02:20]} 19. Qxf6 {[%clk 0:02:13]}  Re6 {[%clk 0:02:18]} 20. Qc3 {[%clk 0:02:13]}  Rbe8 {[%clk 0:02:16]} 21. Rd1 {[%clk 0:02:05]}  Qc6 {[%clk 0:01:59]} 22. Nb1 {[%clk 0:01:46]}  b5 {[%clk 0:01:52]} 23. Qc2 {[%clk 0:01:41]}  Qe4 {[%clk 0:01:49]} 24. Qxe4 {[%clk 0:01:39]}  Bxe4 {[%clk 0:01:47]} 25. Nc3 {[%clk 0:01:38]}  bxc4 {[%clk 0:01:46]} 26. bxc4 {[%clk 0:01:36]}  Bb7 {[%clk 0:01:41]} 27. Ng5 {[%clk 0:01:34]}  Bxg2 {[%clk 0:01:38]} 28. Kxg2 {[%clk 0:01:09]}  Re5 {[%clk 0:01:28]} 29. h4 {[%clk 0:01:08]}  f6 {[%clk 0:01:27]} 30. Nf3 {[%clk 0:01:08]}  R5e6 {[%clk 0:01:27]} 31. Rb1 {[%clk 0:01:08]}  Kf7 {[%clk 0:01:20]} 32. Nd5 {[%clk 0:01:08]}  a5 {[%clk 0:01:02]} 33. Rb7+ {[%clk 0:01:08]}  Kg8 {[%clk 0:01:02]} 34. Ra7 {[%clk 0:00:56]}  Rb8 {[%clk 0:01:01]} 35. Nf4 {[%clk 0:00:51]}  Re4 {[%clk 0:01:00]} 36. Nd2 {[%clk 0:00:50]}  Ree8 {[%clk 0:00:57]} 37. Nb3 {[%clk 0:00:49]}  Rb4 {[%clk 0:00:54]} 38. Nd5 {[%clk 0:00:46]}  Re6 {[%clk 0:00:45]} 39. Nxb4 {[%clk 0:00:45]} 1-0

[Event "April 9 Early 2024"]
[Site "Chess.com"]
[Date "2024.04.09"]
[Round "1"]
[White "Camacho Collados, Jose"]
[Black "Adam, Ernestina"]
[Result "1-0"]
[Board "252"]
[WhiteFideId "2265427"]
[BlackFideId "165883"]
[WhiteTitle "IM"]
[BlackTitle "WFM"]
[WhiteElo "2598"]
[BlackElo "2239"]
[WhiteTeam "WLS"]
[BlackTeam "ARG"]
[WhiteClock "0:01:41"]
[BlackClock "0:00:19"]
[Variant "Standard"]

1. e4 {[%clk 0:02:57]}  c5 {[%clk 0:02:59]} 2. Nf3 {[%clk 0:02:57]}  d6 {[%clk 0:02:58]} 3. Bc4 {[%clk 0:02:56]}  e6 {[%clk 0:02:56]} 4. a3 {[%clk 0:02:55]}  Nf6 {[%clk 0:02:56]} 5. d3 {[%clk 0:02:55]}  Be7 {[%clk 0:02:47]} 6. O-O {[%clk 0:02:55]}  O-O {[%clk 0:02:47]} 7. Re1 {[%clk 0:02:55]}  d5 {[%clk 0:02:40]} 8. exd5 {[%clk 0:02:54]}  exd5 {[%clk 0:02:40]} 9. Ba2 {[%clk 0:02:55]}  Nc6 {[%clk 0:02:39]} 10. Nc3 {[%clk 0:02:51]}  h6 {[%clk 0:02:35]} 11. Bf4 {[%clk 0:02:51]}  a6 {[%clk 0:02:33]} 12. h3 {[%clk 0:02:45]}  Be6 {[%clk 0:02:30]} 13. d4 {[%clk 0:02:42]}  c4 {[%clk 0:02:12]} 14. Na4 {[%clk 0:02:38]}  b5 {[%clk 0:02:07]} 15. Nc5 {[%clk 0:02:37]}  Bxc5 {[%clk 0:02:01]} 16. dxc5 {[%clk 0:02:38]}  Ne4 {[%clk 0:01:58]} 17. Be3 {[%clk 0:02:24]}  Qd7 {[%clk 0:01:35]} 18. c3 {[%clk 0:02:24]}  f5 {[%clk 0:01:21]} 19. Bb1 {[%clk 0:02:21]}  f4 {[%clk 0:01:10]} 20. Bd4 {[%clk 0:02:19]}  Nxd4 {[%clk 0:00:46]} 21. cxd4 {[%clk 0:02:17]}  Bf5 {[%clk 0:00:42]} 22. Ne5 {[%clk 0:02:13]}  Qc8 {[%clk 0:00:31]} 23. Qf3 {[%clk 0:02:02]}  Ng5 {[%clk 0:00:29]} 24. Qxd5+ {[%clk 0:01:59]}  Kh8 {[%clk 0:00:26]} 25. Bxf5 {[%clk 0:01:54]}  Qxf5 {[%clk 0:00:26]} 26. c6 {[%clk 0:01:47]}  f3 {[%clk 0:00:25]} 27. g4 {[%clk 0:01:46]}  Qf4 {[%clk 0:00:18]} 28. Ng6+ {[%clk 0:01:45]}  Kh7 {[%clk 0:00:18]} 29. Nxf4 {[%clk 0:01:45]}  Rxf4 {[%clk 0:00:19]} 30. Kh2 {[%clk 0:01:42]}  h5 {[%clk 0:00:19]} 31. Qxg5 {[%clk 0:01:41]} 1-0

[Event "April 9 Early 2024"]
[Site "Chess.com"]
[Date "2024.04.09"]
[Round "1"]
[White "Ivanov, Aleksandr"]
[Black "Bykov, Egor"]
[Result "0-1"]
[Board "257"]
[WhiteFideId "2092980"]
[BlackFideId "34115290"]
[BlackTitle "FM"]
[WhiteElo "2209"]
[BlackElo "2591"]
[WhiteTeam "USA"]
[BlackTeam "RUS"]
[WhiteClock "0:00:06"]
[BlackClock "0:00:13"]
[Variant "Standard"]

1. d4 {[%clk 0:02:51]}  e6 {[%clk 0:03:00]} 2. c4 {[%clk 0:02:49]}  b6 {[%clk 0:02:58]} 3. e4 {[%clk 0:02:42]}  Bb7 {[%clk 0:02:51]} 4. Bd3 {[%clk 0:02:39]}  Nf6 {[%clk 0:02:43]} 5. Qe2 {[%clk 0:02:31]}  Bb4+ {[%clk 0:02:40]} 6. Nd2 {[%clk 0:02:25]}  Nc6 {[%clk 0:02:38]} 7. Nf3 {[%clk 0:02:22]}  d6 {[%clk 0:02:22]} 8. O-O {[%clk 0:02:21]}  e5 {[%clk 0:02:21]} 9. d5 {[%clk 0:02:04]}  Ne7 {[%clk 0:02:20]} 10. a3 {[%clk 0:01:44]}  Bxd2 {[%clk 0:02:19]} 11. Bxd2 {[%clk 0:01:43]}  a5 {[%clk 0:02:08]} 12. b4 {[%clk 0:01:39]}  axb4 {[%clk 0:01:57]} 13. axb4 {[%clk 0:01:39]}  h6 {[%clk 0:01:51]} 14. Nh4 {[%clk 0:01:35]}  g5 {[%clk 0:01:48]} 15. Nf5 {[%clk 0:01:34]}  Nxf5 {[%clk 0:01:48]} 16. exf5 {[%clk 0:01:34]}  Qe7 {[%clk 0:01:15]} 17. Be4 {[%clk 0:01:33]}  O-O {[%clk 0:01:06]} 18. Rfb1 {[%clk 0:01:14]}  Kg7 {[%clk 0:00:57]} 19. h3 {[%clk 0:01:00]}  Rfb8 {[%clk 0:00:43]} 20. Qf3 {[%clk 0:00:59]}  Ba6 {[%clk 0:00:42]} 21. Rc1 {[%clk 0:00:47]}  Qd7 {[%clk 0:00:34]} 22. Kh2 {[%clk 0:00:45]}  Bc8 {[%clk 0:00:32]} 23. g4 {[%clk 0:00:35]}  Ra4 {[%clk 0:00:24]} 24. Rxa4 {[%clk 0:00:33]}  Qxa4 {[%clk 0:00:25]} 25. Kg2 {[%clk 0:00:31]}  Ra8 {[%clk 0:00:23]} 26. Rc2 {[%clk 0:00:28]}  Qa3 {[%clk 0:00:20]} 27. Qxa3 {[%clk 0:00:27]}  Rxa3 {[%clk 0:00:21]} 28. f3 {[%clk 0:00:25]}  Ba6 {[%clk 0:00:21]} 29. Kf2 {[%clk 0:00:22]}  Nxe4+ {[%clk 0:00:19]} 30. fxe4 {[%clk 0:00:21]}  Rxh3 {[%clk 0:00:20]} 31. c5 {[%clk 0:00:20]}  bxc5 {[%clk 0:00:18]} 32. bxc5 {[%clk 0:00:20]}  Bd3 {[%clk 0:00:18]} 33. Rc3 {[%clk 0:00:18]}  dxc5 {[%clk 0:00:17]} 34. Kg2 {[%clk 0:00:18]}  Rh4 {[%clk 0:00:15]} 35. Rxd3 {[%clk 0:00:17]}  Rxg4+ {[%clk 0:00:16]} 36. Kf3 {[%clk 0:00:18]}  Rh4 {[%clk 0:00:16]} 37. Kg3 {[%clk 0:00:17]}  Rxe4 {[%clk 0:00:16]} 38. Rc3 {[%clk 0:00:16]}  c4 {[%clk 0:00:16]} 39. Kf3 {[%clk 0:00:15]}  Rh4 {[%clk 0:00:17]} 40. Kg3 {[%clk 0:00:15]}  Kf6 {[%clk 0:00:17]} 41. Be3 {[%clk 0:00:14]}  Kxf5 {[%clk 0:00:16]} 42. Kf2 {[%clk 0:00:13]}  Re4 {[%clk 0:00:14]} 43. Bc5 {[%clk 0:00:12]}  g4 {[%clk 0:00:14]} 44. Be7 {[%clk 0:00:12]}  Rd4 {[%clk 0:00:13]} 45. Bh4 {[%clk 0:00:11]}  h5 {[%clk 0:00:13]} 46. Bg3 {[%clk 0:00:11]}  Rd2+ {[%clk 0:00:13]} 47. Ke1 {[%clk 0:00:10]}  Rd3 {[%clk 0:00:11]} 48. Rxd3 {[%clk 0:00:09]}  cxd3 {[%clk 0:00:12]} 49. Kd2 {[%clk 0:00:08]}  Ke4 {[%clk 0:00:12]} 50. Bh4 {[%clk 0:00:08]}  f5 {[%clk 0:00:12]} 51. d6 {[%clk 0:00:07]}  cxd6 {[%clk 0:00:11]} 52. Bg5 {[%clk 0:00:07]}  d5 {[%clk 0:00:12]} 53. Bh6 {[%clk 0:00:07]}  f4 {[%clk 0:00:12]} 54. Bg5 {[%clk 0:00:06]}  g3 {[%clk 0:00:13]} 0-1

[Event "April 9 Early 2024"]
[Site "Chess.com"]
[Date "2024.04.09"]
[Round "1"]
[White "Gontcharov, Vladislav"]
[Black "Kriti Mayur Patel"]
[Result "1-0"]
[Board "258"]
[WhiteFideId "4123492"]
[BlackFideId "35061780"]
[BlackTitle "WCM"]
[WhiteElo "2591"]
[BlackElo "2206"]
[WhiteTeam "RUS"]
[BlackTeam "IND"]
[WhiteClock "0:00:55"]
[BlackClock "0:00:12"]
[Variant "Standard"]

1. d4 {[%clk 0:02:56]}  d5 {[%clk 0:03:00]} 2. c4 {[%clk 0:02:55]}  e6 {[%clk 0:03:00]} 3. Nc3 {[%clk 0:02:55]}  Nf6 {[%clk 0:03:01]} 4. Bg5 {[%clk 0:02:54]}  Be7 {[%clk 0:03:01]} 5. e3 {[%clk 0:02:53]}  O-O {[%clk 0:03:02]} 6. Rc1 {[%clk 0:02:51]}  h6 {[%clk 0:03:02]} 7. Bh4 {[%clk 0:02:50]}  Ne4 {[%clk 0:03:02]} 8. Bxe7 {[%clk 0:02:49]}  Qxe7 {[%clk 0:03:02]} 9. Qc2 {[%clk 0:02:46]}  Nxc3 {[%clk 0:03:02]} 10. Qxc3 {[%clk 0:02:44]}  dxc4 {[%clk 0:03:00]} 11. Bxc4 {[%clk 0:02:43]}  Nc6 {[%clk 0:03:00]} 12. Nf3 {[%clk 0:02:41]}  Re8 {[%clk 0:02:55]} 13. Bb5 {[%clk 0:02:33]}  Bd7 {[%clk 0:02:49]} 14. O-O {[%clk 0:02:32]}  Rac8 {[%clk 0:02:43]} 15. Rfd1 {[%clk 0:02:13]}  a6 {[%clk 0:02:43]} 16. Ba4 {[%clk 0:02:01]}  b5 {[%clk 0:02:41]} 17. Bc2 {[%clk 0:02:00]}  Nb4 {[%clk 0:02:41]} 18. Bb1 {[%clk 0:01:56]}  Nd5 {[%clk 0:02:30]} 19. Qc5 {[%clk 0:01:55]}  Qxc5 {[%clk 0:02:02]} 20. Rxc5 {[%clk 0:01:54]}  c6 {[%clk 0:01:58]} 21. Ne5 {[%clk 0:01:52]}  Nb6 {[%clk 0:01:53]} 22. Rdc1 {[%clk 0:01:47]}  Na4 {[%clk 0:01:08]} 23. Nxd7 {[%clk 0:01:45]}  Nxc5 {[%clk 0:01:07]} 24. Nxc5 {[%clk 0:01:45]}  a5 {[%clk 0:01:07]} 25. f4 {[%clk 0:01:39]}  f6 {[%clk 0:01:00]} 26. Nb7 {[%clk 0:01:25]}  Rc7 {[%clk 0:00:44]} 27. Nxa5 {[%clk 0:01:23]}  e5 {[%clk 0:00:43]} 28. fxe5 {[%clk 0:01:11]}  fxe5 {[%clk 0:00:42]} 29. d5 {[%clk 0:01:11]}  c5 {[%clk 0:00:38]} 30. Nc6 {[%clk 0:01:05]}  Rd8 {[%clk 0:00:12]} 31. Rxc5 {[%clk 0:00:55]} 1-0

[Event "April 9 Early 2024"]
[Site "Chess.com"]
[Date "2024.04.10"]
[Round "1"]
[White "Meza Astrada, Agustin"]
[Black "Kolb, Tobias"]
[Result "0-1"]
[Board "259"]
[WhiteFideId "20018770"]
[BlackFideId "12992321"]
[WhiteTitle "CM"]
[BlackTitle "FM"]
[WhiteElo "2204"]
[BlackElo "2590"]
[WhiteTeam "ARG"]
[BlackTeam "GER"]
[WhiteClock "0:00:32"]
[BlackClock "0:01:09"]
[Variant "Standard"]

1. e4 {[%clk 0:03:00]}  c6 {[%clk 0:02:41]} 2. d4 {[%clk 0:03:00]}  d5 {[%clk 0:02:40]} 3. e5 {[%clk 0:03:00]}  Bf5 {[%clk 0:02:39]} 4. h4 {[%clk 0:03:01]}  h5 {[%clk 0:02:36]} 5. Bd3 {[%clk 0:03:00]}  Bxd3 {[%clk 0:02:34]} 6. Qxd3 {[%clk 0:03:01]}  Qa5+ {[%clk 0:02:34]} 7. Nd2 {[%clk 0:03:00]}  e6 {[%clk 0:02:34]} 8. Nf3 {[%clk 0:02:59]}  Qa6 {[%clk 0:02:33]} 9. c4 {[%clk 0:02:59]}  Ne7 {[%clk 0:02:28]} 10. O-O {[%clk 0:02:55]}  Nf5 {[%clk 0:02:27]} 11. b3 {[%clk 0:02:56]}  Be7 {[%clk 0:02:24]} 12. g3 {[%clk 0:02:54]}  Nd7 {[%clk 0:02:20]} 13. a4 {[%clk 0:02:48]}  O-O {[%clk 0:02:18]} 14. Ba3 {[%clk 0:02:45]}  Bxa3 {[%clk 0:02:17]} 15. Rxa3 {[%clk 0:02:46]}  c5 {[%clk 0:02:16]} 16. Rd1 {[%clk 0:02:23]}  cxd4 {[%clk 0:02:13]} 17. Nxd4 {[%clk 0:02:23]}  Nxe5 {[%clk 0:02:13]} 18. Qc3 {[%clk 0:02:20]}  Nxd4 {[%clk 0:01:44]} 19. Qxd4 {[%clk 0:02:21]}  Ng4 {[%clk 0:01:37]} 20. cxd5 {[%clk 0:01:58]}  Rfd8 {[%clk 0:01:37]} 21. Qc4 {[%clk 0:01:23]}  Rxd5 {[%clk 0:01:22]} 22. Qxa6 {[%clk 0:01:22]}  bxa6 {[%clk 0:01:23]} 23. Kf1 {[%clk 0:01:22]}  Rad8 {[%clk 0:01:18]} 24. Ke2 {[%clk 0:01:23]}  Re5+ {[%clk 0:01:13]} 25. Kf1 {[%clk 0:00:34]}  Rf5 {[%clk 0:01:14]} 26. Ra2 {[%clk 0:00:32]}  Ne3+ {[%clk 0:01:09]} 0-1

[Event "April 9 Early 2024"]
[Site "Chess.com"]
[Date "2024.04.09"]
[Round "1"]
[White "Teterev, Vitaly"]
[Black "Piddubna, Bozhena"]
[Result "1-0"]
[Board "260"]
[WhiteFideId "13501429"]
[BlackFideId "34109293"]
[WhiteTitle "GM"]
[BlackTitle "WCM"]
[WhiteElo "2590"]
[BlackElo "2204"]
[WhiteTeam "BLR"]
[BlackTeam "UKR"]
[WhiteClock "0:00:17"]
[BlackClock "0:00:04"]
[Variant "Standard"]

1. e4 {[%clk 0:02:29]}  e5 {[%clk 0:02:59]} 2. Nf3 {[%clk 0:02:28]}  Nc6 {[%clk 0:02:59]} 3. Bb5 {[%clk 0:02:28]}  a6 {[%clk 0:02:58]} 4. Bxc6 {[%clk 0:02:27]}  dxc6 {[%clk 0:02:57]} 5. O-O {[%clk 0:02:28]}  f6 {[%clk 0:02:58]} 6. d4 {[%clk 0:02:28]}  exd4 {[%clk 0:02:57]} 7. Nxd4 {[%clk 0:02:29]}  Ne7 {[%clk 0:02:57]} 8. Nc3 {[%clk 0:02:28]}  Ng6 {[%clk 0:02:57]} 9. Be3 {[%clk 0:02:27]}  Bb4 {[%clk 0:02:48]} 10. Qd3 {[%clk 0:02:24]}  Ne5 {[%clk 0:02:20]} 11. Qe2 {[%clk 0:02:21]}  O-O {[%clk 0:02:15]} 12. Rad1 {[%clk 0:02:19]}  Qe7 {[%clk 0:02:11]} 13. Nb1 {[%clk 0:02:12]}  Bd7 {[%clk 0:02:05]} 14. h3 {[%clk 0:02:11]}  Rad8 {[%clk 0:02:03]} 15. a3 {[%clk 0:02:06]}  Ba5 {[%clk 0:02:01]} 16. Nd2 {[%clk 0:01:58]}  b5 {[%clk 0:01:51]} 17. N4b3 {[%clk 0:01:34]}  Bb6 {[%clk 0:01:47]} 18. Bxb6 {[%clk 0:01:33]}  cxb6 {[%clk 0:01:48]} 19. f4 {[%clk 0:01:33]}  Ng6 {[%clk 0:01:45]} 20. Qf2 {[%clk 0:01:26]}  c5 {[%clk 0:01:45]} 21. Rde1 {[%clk 0:01:26]}  Bc6 {[%clk 0:01:42]} 22. Re2 {[%clk 0:01:20]}  Rfe8 {[%clk 0:01:39]} 23. Rfe1 {[%clk 0:01:20]}  a5 {[%clk 0:01:31]} 24. Nc1 {[%clk 0:01:18]}  Qd6 {[%clk 0:01:24]} 25. Rf1 {[%clk 0:01:09]}  Re7 {[%clk 0:01:11]} 26. h4 {[%clk 0:01:01]}  Rde8 {[%clk 0:00:58]} 27. h5 {[%clk 0:01:01]}  Nf8 {[%clk 0:00:59]} 28. Rfe1 {[%clk 0:00:58]}  Nd7 {[%clk 0:00:58]} 29. h6 {[%clk 0:00:57]}  g6 {[%clk 0:00:51]} 30. Nd3 {[%clk 0:00:56]}  c4 {[%clk 0:00:49]} 31. e5 {[%clk 0:00:45]}  Qd5 {[%clk 0:00:37]} 32. exf6 {[%clk 0:00:30]}  Rxe2 {[%clk 0:00:28]} 33. Rxe2 {[%clk 0:00:30]}  Rxe2 {[%clk 0:00:20]} 34. Qxe2 {[%clk 0:00:30]}  cxd3 {[%clk 0:00:13]} 35. Qe8+ {[%clk 0:00:30]}  Nf8 {[%clk 0:00:14]} 36. f7+ {[%clk 0:00:30]}  Qxf7 {[%clk 0:00:14]} 37. Qxc6 {[%clk 0:00:31]}  dxc2 {[%clk 0:00:13]} 38. Qxc2 {[%clk 0:00:29]}  Qxf4 {[%clk 0:00:13]} 39. Ne4 {[%clk 0:00:27]}  Qe3+ {[%clk 0:00:12]} 40. Kf1 {[%clk 0:00:24]}  Qf4+ {[%clk 0:00:11]} 41. Ke2 {[%clk 0:00:23]}  Qg4+ {[%clk 0:00:09]} 42. Kd3 {[%clk 0:00:19]}  Qd7+ {[%clk 0:00:08]} 43. Ke3 {[%clk 0:00:18]}  Qe6 {[%clk 0:00:08]} 44. Qc7 {[%clk 0:00:16]}  Nd7 {[%clk 0:00:06]} 45. Qxd7 {[%clk 0:00:14]}  Qxd7 {[%clk 0:00:05]} 46. Nf6+ {[%clk 0:00:15]}  Kf7 {[%clk 0:00:05]} 47. Nxd7 {[%clk 0:00:15]}  g5 {[%clk 0:00:05]} 48. Nxb6 {[%clk 0:00:16]}  Kg6 {[%clk 0:00:05]} 49. Nd7 {[%clk 0:00:16]}  Kxh6 {[%clk 0:00:05]} 50. b4 {[%clk 0:00:14]}  axb4 {[%clk 0:00:05]} 51. axb4 {[%clk 0:00:15]}  Kh5 {[%clk 0:00:04]} 52. Ne5 {[%clk 0:00:15]}  h6 {[%clk 0:00:03]} 53. Nf7 {[%clk 0:00:15]}  Kg6 {[%clk 0:00:03]} 54. Nd6 {[%clk 0:00:15]}  Kh5 {[%clk 0:00:02]} 55. Nxb5 {[%clk 0:00:15]}  Kg4 {[%clk 0:00:03]} 56. Kf2 {[%clk 0:00:15]}  Kf4 {[%clk 0:00:02]} 57. Nc3 {[%clk 0:00:15]}  Ke5 {[%clk 0:00:02]} 58. b5 {[%clk 0:00:16]}  Kd6 {[%clk 0:00:03]} 59. Ke3 {[%clk 0:00:16]}  Kc5 {[%clk 0:00:03]} 60. Ke4 {[%clk 0:00:16]}  Kc4 {[%clk 0:00:03]} 61. g4 {[%clk 0:00:16]}  Kxc3 {[%clk 0:00:03]} 62. b6 {[%clk 0:00:16]}  h5 {[%clk 0:00:03]} 63. gxh5 {[%clk 0:00:16]}  g4 {[%clk 0:00:04]} 64. Kf4 {[%clk 0:00:16]}  Kc4 {[%clk 0:00:03]} 65. Kxg4 {[%clk 0:00:16]}  Kc5 {[%clk 0:00:04]} 66. b7 {[%clk 0:00:17]}  Kc6 {[%clk 0:00:04]} 67. b8=Q {[%clk 0:00:17]} 1-0